| 000 | 00722nam a2200229Ia 4500 | ||
|---|---|---|---|
| 005 | 20250425162114.0 | ||
| 008 | 250425s9999 xx 000 0 und d | ||
| 041 | _aspa | ||
| 082 | _a614 | ||
| 100 | _aRODRIGUEZ, JORGE ED | ||
| 245 | 0 | _aACCESO EQUITATIVO A LOS SERVICIOS BASICOS DE SALUD: HACIA UNA AGENDA REGIONAL PARA LA REFORMA DEL SECTOR SALUD | |
| 250 | _a1A ED. | ||
| 260 |
_aEstados Unidos _bS.E. _c1995 |
||
| 260 | _aWASHINGTON | ||
| 300 | _a9 | ||
| 500 | _aLIBRO FOTOCOPIA. REUNION ESPECIAL SOBRE REFORMA DEL SECTOR DE SALUD. SEPTIEMBRE 29-30, 1995 | ||
| 650 | _aREFORMA DE SALUD | ||
| 650 | _aSERVICIOS DE SALUD | ||
| 710 | _aORGANIZACION DE LAS NACIONES UNIDAS | ||
| 942 | _c01 | ||
| 010 | _a50447 | ||
| 999 |
_c222415 _d222415 |
||